[Event "Ch Poland (juniors) (under 12)"]
[Site "masterchessopenings.com Ustron (Poland)"]
[Date "2007.03.05"]
[Round "3"]
[White "Prazmowski Bartosz (POL)"]
[Black "Licznerski Lukasz (POL)"]
[Result "1/2-1/2"]
[WhiteElo "1773"]
[BlackElo "1806"]

1.d4 Nf6 2.c4 e6 3.Nc3 Bb4 4.Nf3 c5 5.e3 O-O 6.Bd2 b6 7.Bd3 Bb7 8.O-O Bxc3
9.Bxc3 Ne4 10.Qe2 f5 11.Nd2 Qg5 12.Bxe4 fxe4 13.f4 Qe7 14.dxc5 bxc5 15.Nb3 d5
16.Qg4 Nd7 17.cxd5 exd5 18.Rfd1 Nf6 19.Bxf6 Rxf6 20.Na5 Rd8 21.Rac1 Ba8 22.Nb3
Rc6 23.Qg5 Qxg5 24.fxg5 c4 25.Nd4 Ra6 26.a3 Rb6 27.Rd2 Rdb8 28.Rcc2 Bb7 29.Ne2
Kf7 30.Nc3 Ke6 31.Na4 Rc6 32.Nc3 Rb6 33.Na4 Rb5 34.h3 Ba8 35.Rd4 Ke5 36.Rdd2
{#d} 1/2-1/2

[Event "Ch Poland (team) (2nd liga) North"]
[Site "masterchessopenings.com Lublin (Poland)"]
[Round "1"]
[White "Barwinski Dionizy (POL)"]
[Black "Murdzia Piotr (POL)"]
[Result "1/2-1/2"]
[WhiteElo "2233"]
[BlackElo "2375"]

1.d4 Nf6 2.c4 e6 3.Nc3 Bb4 4.e3 c5 5.Nf3 O-O 6.Be2 b6 7.Qc2 Bb7 8.O-O cxd4
9.exd4 d5 10.b3 Nbd7 11.a3 Be7 12.Bf4 a6 13.Rfd1 Ra7 14.Nd2 Qa8 15.Bf3 Rc8
16.Qd3 h6 17.h3 Bf8 18.Re1 dxc4 19.bxc4 Bxf3 20.Nxf3 Qc6 21.Nd2 Raa8 22.Re3
Rd8 23.Qb1 Rac8 24.Qb3 g6 25.Rc1 Bg7 26.Ne2 Nh5 27.Bh2 e5 28.d5 Qc7 29.Nd4 Re8
30.Rce1 Kh7 {#d} 1/2-1/2

[Event "Ch Provincial (seniors)"]
[Site "masterchessopenings.com Lleida (Spain)"]
[Date "2010.11.13"]
[Round "3"]
[White "Traveset Tarres Josep M"]
[Black "Gensana Berzunces Joan (ESP)"]
[Result "0-1"]
[WhiteElo "1773"]
[BlackElo "2007"]

1.d4 Nf6 2.c4 e6 3.Nc3 Bb4 4.e3 O-O 5.Nf3 c5 6.a3 Bxc3+ 7.bxc3 d6 8.Be2 Nc6
9.d5 Na5 10.O-O e5 11.Nd2 Bd7 12.a4 b6 13.e4 Qe7 14.f3 Nh5 15.Nb3 Nxb3 16.Qxb3
Nf4 17.Qa2 f5 18.Bxf4 exf4 19.Bd3 Rfe8 20.Rfe1 Qf6 21.Qd2 g5 22.a5 fxe4
23.Rxe4 Rxe4 24.Bxe4 b5 25.cxb5 Bxb5 26.Rb1 Ba6 27.Bd3 Bxd3 28.Qxd3 Re8 29.Kf2
Qe5 30.Qd2 Re7 31.c4 Kf7 32.a6 Kf6 33.Rb7 Qa1 34.Qb2+ Qxb2+ 35.Rxb2 Re3 36.Rb7
Ke5 37.Rxa7 Ra3 38.Ra8 Kd4 39.a7 Ra2+ 40.Ke1 Kxc4 41.g3 Kxd5 42.gxf4 gxf4
43.Kd1 Kd4 44.Rd8 Rxa7 45.Rxd6+ Ke3 46.Rc6 Kxf3 47.Rxc5 Ra1+ 48.Kd2 Ra2+
49.Kd3 Rxh2 50.Rc8 h5 51.Rh8 h4 52.Rh7 h3 53.Rh8 Rh1 54.Kd2 h2 55.Rh7 Ra1 {#R}
0-1

[Event "Ch RLPF (juniors) (under 17)"]
[Site "masterchessopenings.com Traben (Germany)"]
[Round "0"]
[White "Weber Dirk (GER)"]
[Black "Kipper Jens (GER)"]
[Result "0-1"]
[WhiteElo "2285"]
[BlackElo "2382"]

1.d4 Nf6 2.c4 e6 3.Nc3 Bb4 4.e3 O-O 5.Nf3 c5 6.Be2 b6 7.O-O Bb7 8.Bd2 d6 9.a3
Bxc3 10.Bxc3 Ne4 11.Nd2 Nxc3 12.bxc3 e5 13.Bf3 Nc6 14.Nb3 Qc7 15.Bd5 Rac8
16.Rc1 Ba6 17.Re1 Rfd8 18.Qc2 Qe7 19.Bxc6 Rxc6 20.d5 Rcc8 21.Nd2 Qd7 22.a4 f5
23.f3 Rf8 24.Kf1 Qe7 25.Qa2 Qh4 26.Ke2 Qxh2 27.Rg1 Rf6 28.Kd3 Rg6 29.Nb1 e4+
30.fxe4 fxe4+ 31.Kxe4 Bxc4 32.Qxc4 Rg4+ 33.Kd3 Rxc4 34.Kxc4 Qe5 35.Rce1 Qe4+
36.Kb5 Qxd5 {#R} 0-1

[Event "Ch Region (1/2 final)"]
[Site "masterchessopenings.com Lipetsk (Russia)"]
[Date "2009.10.02"]
[Round "4"]
[White "Koshelev Alexey (RUS)"]
[Black "Ruchkin Ivan (RUS)"]
[Result "0-1"]
[WhiteElo "1789"]
[BlackElo "2175"]

1.d4 Nf6 2.c4 e6 3.Nc3 Bb4 4.Nf3 O-O 5.e3 c5 6.a3 Bxc3+ 7.bxc3 Qa5 8.Bd2 d5
9.Bd3 dxc4 10.Bxc4 Nc6 11.O-O Ne4 12.Qc2 Nxd2 13.Nxd2 Qc7 14.Bd3 h6 15.Ne4
cxd4 16.cxd4 Bd7 17.Nc5 Rfd8 18.Rab1 Rab8 19.Rfc1 Be8 20.Be4 Rdc8 21.h3 Nd8
22.Qd3 Bc6 23.Bxc6 Nxc6 24.Qe4 Ne7 25.Rc2 b6 26.Na6 Qxc2 27.Qxc2 Rxc2 28.Nxb8
Nd5 29.Nd7 f6 30.Nb8 Kf7 31.Na6 Rc3 32.Ra1 Ke7 33.Nb4 Kd6 34.Kf1 a5 35.Nxd5
Kxd5 36.Rb1 Kc6 37.Ra1 b5 38.Ke2 Rc2+ 39.Ke1 Kd5 40.Rb1 Kc4 41.e4 b4 42.axb4
axb4 43.d5 exd5 44.exd5 Ra2 45.Rd1 b3 46.d6 Ra8 47.Kd2 Rd8 48.Kc1 Kc3 49.Rd2
Ra8 50.Kd1 b2 51.Rc2+ Kb3 52.Rxb2+ Kxb2 53.Kd2 Rd8 {#R} 0-1

[Event "Ch Romania"]
[Site "masterchessopenings.com Baile Olanesti (Romania)"]
[Date "2010.02.06"]
[Round "8"]
[White "Nastase Robert-Paul"]
[Black "Telea Stefan (ROM)"]
[Result "0-1"]
[WhiteElo "1747"]
[BlackElo "2158"]

1.d4 Nf6 2.c4 e6 3.Nc3 Bb4 4.e3 c5 5.Nf3 O-O 6.Bd3 d6 7.O-O Nc6 8.Qc2 h6 9.a3
Ba5 10.Rd1 Qe7 11.Rb1 a6 12.Na2 Bb6 13.dxc5 dxc5 14.b4 e5 15.b5 axb5 16.cxb5
Na5 17.Nc3 Bg4 18.Be2 e4 19.Nd2 Bxe2 20.Nxe2 Bc7 21.Bb2 Ng4 22.h3 Nf6 23.Bxf6
Qxf6 24.Qxc5 Bd6 25.Qd5 Bxa3 26.Nxe4 Qe7 27.N4g3 g6 28.Qd4 f5 29.Nc3 Rfd8
30.Nd5 Qd6 31.e4 Bc5 32.Qd2 Qxg3 {#R} 0-1

[Event "Ch Russia (club) (1 liga)"]
[Site "masterchessopenings.com Omsk (Russia)"]
[Round "4"]
[White "Arkhipov Sergey G (RUS)"]
[Black "Karpov Viktor (RUS)"]
[Result "0-1"]
[WhiteElo "2469"]
[BlackElo "2181"]

1.d4 Nf6 2.c4 e6 3.Nc3 Bb4 4.e3 c5 5.Nf3 O-O 6.Bd3 Nc6 7.O-O d6 8.Qc2 Bxc3
9.bxc3 e5 10.d5 Ne7 11.Nh4 Re8 12.e4 Nh5 13.g3 Bh3 14.Re1 g6 15.Bh6 f6 16.Qe2
Qd7 17.Bd2 Ng7 18.f4 exf4 19.gxf4 Nef5 20.Ng2 h5 21.Qf2 Nh6 22.Qg3 Qg4 23.Re3
Bxg2 24.Kxg2 f5 25.e5 h4 26.Qxg4 Nxg4 27.Ree1 h3+ 28.Kg1 dxe5 29.Bf1 Nh5
30.Bxh3 exf4 31.Bg2 Ne5 32.Rf1 g5 33.d6 Rad8 34.Bd5+ Kg7 35.h4 Rxd6 36.Rad1 b5
37.hxg5 bxc4 38.Bg2 Ng6 39.Bc1 Red8 40.Rde1 Rd3 41.Re6 Ng3 42.Rxf4 Rd1+ 43.Kh2
Rxc1 44.Kxg3 Nxf4 45.Kxf4 Rd2 46.Bf3 Rxc3 47.Ra6 Rd4+ {#R} 0-1

[Event "Ch Russia (juniors) (under 14) (g)"]
[Site "masterchessopenings.com Dagomys (Russia)"]
[Date "2009.04.18"]
[Round "4"]
[White "Aseeva Anastasia (RUS)"]
[Black "Makarenko Alexandra (RUS)"]
[Result "0-1"]
[WhiteElo "1760"]
[BlackElo "1970"]

1.d4 Nf6 2.c4 e6 3.Nc3 Bb4 4.Nf3 c5 5.e3 O-O 6.Bd3 Nc6 7.a3 Bxc3+ 8.bxc3 d6
9.O-O b6 10.e4 e5 11.d5 Ne7 12.h3 Ne8 13.Nd2 Ng6 14.Nf3 h6 15.Ne1 Qh4 16.Qf3
Qe7 17.g4 Nh4 18.Qg3 g5 19.Ng2 Ng6 20.Ne3 Nf4 21.Nf5 Bxf5 22.gxf5 Nf6 23.Kh2
Kh7 24.Rg1 Rg8 25.Bxf4 exf4 26.Qf3 Qe5 27.Bc2 h5 28.Rh1 g4 29.hxg4 Nxg4+
30.Kh3 Nxf2+ 31.Kh2 Rg3 32.Qxh5+ Kg7 33.Rhg1 Rh8 34.Qxh8+ Kxh8 35.Rxg3 fxg3+
36.Kg2 Qxc3 37.Ra2 Qxc4 38.Bb1 Nxe4 39.Rb2 Qc1 40.Rb3 Nd2 41.Rxg3 Qf1+ 42.Kh2
Nf3+ 43.Rxf3 Qxf3 44.a4 Kg7 45.f6+ Kxf6 46.a5 Kg5 47.axb6 Kh4 48.bxa7 Qf2+
49.Kh1 Kg3 {#R} 0-1

[Event "Ch Russia (juniors) (under 16)"]
[Site "masterchessopenings.com Dagomys (Russia)"]
[Date "2009.04.21"]
[Round "7"]
[White "Burdyko Alexander (RUS)"]
[Black "Kopasov Alexander (RUS)"]
[Result "1-0"]
[WhiteElo "2125"]
[BlackElo "2157"]

1.d4 Nf6 2.c4 e6 3.Nc3 Bb4 4.e3 c5 5.Nf3 O-O 6.Bd3 Bxc3+ 7.bxc3 d6 8.O-O Nc6
9.d5 Ne7 10.e4 e5 11.Nh4 h6 12.f4 Ng6 13.Nxg6 fxg6 14.a4 a5 15.fxe5 dxe5
16.Qe1 Qe8 17.Rb1 Ra6 18.Rb5 b6 19.Rb2 Bd7 20.Rbf2 Nh7 21.Be3 Bxa4 22.Rb2
Rxf1+ 23.Qxf1 Qf8 24.Qxf8+ Kxf8 25.Rxb6 Rxb6 26.Bxc5+ Ke8 27.Bxb6 Nf6 28.Bxa5
Nd7 29.Bb4 {#r} 1-0

[Event "Ch Russia (juniors) (under 16) (g)"]
[Site "masterchessopenings.com Dagomys (Russia)"]
[Round "4"]
[White "Demerzhan Lyudmila (RUS)"]
[Black "Kublashvili Etery (RUS)"]
[Result "1-0"]
[WhiteElo "2031"]
[BlackElo "2076"]

1.d4 Nf6 2.c4 e6 3.Nc3 Bb4 4.Nf3 c5 5.e3 O-O 6.Bd3 Nc6 7.a3 Bxc3+ 8.bxc3 d6
9.Rb1 b6 10.e4 e5 11.d5 Ne7 12.Nh4 Ng6 13.Nf5 Re8 14.O-O h6 15.Bc2 Bxf5
16.exf5 Ne7 17.f4 exf4 18.Bxf4 Qc7 19.Qf3 Rad8 20.Qh3 Nc8 21.Qh4 Ne4 22.Bxh6
Qe7 23.Qg4 Qf6 24.Bxe4 Qxh6 25.f6 Re5 26.Bf5 g6 27.Bxc8 Rg5 28.Qf4 Rxc8
29.Qxd6 Qh3 30.g3 Kh7 {#r} 1-0

[Event "Ch Slovakia (juniors) (under 18)"]
[Site "masterchessopenings.com Ruzomberok (Slovakia)"]
[Date "2010.02.26"]
[Round "9"]
[White "Nemergut Patrik (SVK)"]
[Black "Petenyi Tamas (SVK)"]
[Result "0-1"]
[WhiteElo "1745"]
[BlackElo "2378"]

1.d4 Nf6 2.c4 e6 3.Nc3 Bb4 4.Nf3 O-O 5.e3 c5 6.Bd3 Nc6 7.O-O Bxc3 8.bxc3 d6
9.Qc2 e5 10.Rd1 Qc7 11.d5 Ne7 12.h3 Ng6 13.Bxg6 fxg6 14.e4 Nh5 15.Nh2 Bd7
16.g4 Nf4 17.Bxf4 Rxf4 18.f3 a6 19.a4 Rff8 20.Kg2 Rfb8 21.Rdb1 b6 22.Nf1 Rb7
23.Nd2 Rab8 24.Qd1 Qd8 25.Qe1 Qg5 26.Qe2 h5 27.Nf1 b5 28.axb5 axb5 29.Qe3 Qe7
30.cxb5 Rxb5 31.Rxb5 Rxb5 32.Qc1 Qd8 33.Rb1 Qb6 34.Rxb5 Qxb5 35.c4 Qa4 36.Ne3
Qb3 37.Kf2 Qa2+ 38.Qc2 Qa1 39.Qd1 Qa5 40.Qe1 Qd8 41.Ng2 Bc8 42.Qc1 Ba6 43.Qc2
Qa5 44.Ne3 h4 45.Ke2 Qa1 46.Nd1 Kh7 47.Qb3 Qc1 48.Ne3 Qh1 49.Qd1 Qh2+ 50.Kd3
Qxh3 51.Qf1 Qh2 52.Qa1 h3 53.Qe1 g5 54.Qa5 Qf4 55.Qxa6 h2 56.Qxd6 h1=Q 57.Qxc5
Qb1+ {#R} 0-1

[Event "Ch Slovakia (team) 2000/01 (2 liga) (b)"]
[Site "masterchessopenings.com Slovakia"]
[Round "1"]
[White "Zahorsky Robert (SVK)"]
[Black "Seckar Milos (SVK)"]
[Result "0-1"]
[WhiteElo "1996"]
[BlackElo "2070"]

1.c4 Nf6 2.Nc3 e6 3.d4 Bb4 4.Nf3 c5 5.e3 O-O 6.Bd3 Nc6 7.O-O Bxc3 8.bxc3 d6
9.Bb2 e5 10.Nd2 Re8 11.d5 Ne7 12.f4 exf4 13.exf4 Nf5 14.Bxf5 Bxf5 15.h3 Bd3
16.Re1 Rxe1+ 17.Qxe1 Qb6 18.Bc1 Qa6 19.Qh4 Bxc4 20.f5 Bd3 21.c4 Qa5 22.Nb3 Qc3
23.Bg5 h6 24.Rc1 Qe5 25.Bf4 Qe7 26.Re1 Qd7 27.Bxh6 Qxf5 28.Bc1 Re8 29.Rxe8+
Nxe8 30.Bb2 a6 31.Nd2 b5 32.cxb5 axb5 33.Qe7 Qc8 34.Nf3 c4 35.Ng5 Bg6 36.h4 c3
37.Bxc3 f6 38.Ne6 Qxc3 39.Qf8+ Kh7 40.h5 Qe1+ 41.Kh2 Bxh5 42.Nf4 Qe5 43.g3 Nc7
44.Qc8 Nxd5 45.Ne6 Qe2+ 46.Kg1 Ne3 47.Nf8+ Kh6 48.Qh3 Qe1+ 49.Kh2 Ng4+ 50.Kg2
Ne3+ 51.Kh2 Qf2+ 52.Kh1 Qf1+ 53.Qxf1 Nxf1 54.Kg2 Ne3+ 55.Kf2 Nd1+ 56.Ke1 Nc3
57.Ne6 Nxa2 58.Kd2 b4 59.Kc2 Bf7 60.Nd4 Kg5 61.Kb2 b3 62.Nb5 Be6 63.Nxd6 Nb4
64.Ne8 Nd3+ 65.Kb1 g6 66.Nd6 Nf2 67.Nb5 Nd1 68.g4 Bc4 69.Na3 Bd3+ 70.Nc2 Nc3+
71.Kc1 bxc2 {#R} 0-1

[Event "Ch Slovakia (team) 2004/05 (1 liga) West"]
[Site "masterchessopenings.com Slovakia"]
[Round "7"]
[White "Mihalik Marek (SVK)"]
[Black "Huba Martin Sr (SVK)"]
[Result "0-1"]
[WhiteElo "2111"]
[BlackElo "2175"]

1.d4 Nf6 2.c4 e6 3.Nc3 Bb4 4.Nf3 c5 5.e3 O-O 6.Be2 b6 7.O-O Bb7 8.Nb5 d5 9.a3
Ba5 10.dxc5 bxc5 11.cxd5 exd5 12.Qc2 a6 13.Nc3 Nbd7 14.Bd3 g6 15.Rd1 Qe7
16.Qe2 Rfe8 17.Bd2 Bc7 18.b4 d4 19.exd4 Qd8 20.Be3 cxd4 21.Nxd4 Ne5 22.Nc2 Qd6
23.Be4 Nf3+ 24.Qxf3 Qxh2+ 25.Kf1 Nxe4 26.Nd5 Bxd5 27.Rxd5 Nc3 28.g3 Nxd5
29.Qxd5 Bxg3 30.fxg3 Qxc2 31.Qd4 Rad8 32.Qf6 Qd3+ 33.Kf2 Rd5 34.Qb6 Rxe3
35.Qb8+ Kg7 36.Rf1 Rf3+ 37.Kg2 Qxf1+ {#R} 0-1

[Event "Ch Slovakia (team) 2006/07 (1 liga) West"]
[Site "masterchessopenings.com Slovakia"]
[Date "2007.03.24"]
[Round "10"]
[White "Mihalik Marek (SVK)"]
[Black "Malar Pavol (SVK)"]
[Result "1/2-1/2"]
[WhiteElo "2111"]
[BlackElo "2098"]

1.d4 e6 2.Nf3 Nf6 3.c4 Bb4+ 4.Nc3 c5 5.e3 O-O 6.Bd3 Nc6 7.d5 Bxc3+ 8.bxc3 Na5
9.O-O d6 10.e4 e5 11.h3 b6 12.Bg5 h6 13.Bh4 Ba6 14.Nd2 g5 15.Bg3 Kg7 16.Re1
Qd7 17.a4 h5 18.h4 gxh4 19.Bxh4 Qg4 20.Bxf6+ Kxf6 21.Qxg4 hxg4 22.Kh2 Rh8+
23.Kg3 Rag8 24.Rh1 Bc8 25.Rxh8 Rxh8 26.Rb1 Kg5 27.Nb3 f5 28.exf5 Nxb3 29.Rxb3
Rh1 30.a5 Rc1 31.axb6 axb6 32.f6 Kxf6 33.f4 Bf5 34.Be2 Rc2 35.fxe5+ Kxe5
36.Bxg4 Bxg4 37.Kxg4 Rxg2+ 38.Kf3 Rh2 39.Ke3 Rh3+ 40.Kd2 Ke4 41.Rxb6 Rh2+
42.Ke1 Ke3 43.Kf1 Rh6 44.Rb8 Kd3 45.Re8 Rf6+ 46.Ke1 Rf7 47.Rd8 Re7+ 48.Kf2
Rf7+ {#d} 1/2-1/2

[Event "Ch Slovakia (team) 2009/10 (1 liga) West"]
[Site "masterchessopenings.com Slovakia"]
[Date "2009.10.17"]
[Round "1"]
[White "Hudec Jan (SVK)"]
[Black "Pagerka Martin (SVK)"]
[Result "1-0"]
[WhiteElo "2092"]
[BlackElo "2105"]

1.d4 Nf6 2.c4 e6 3.Nc3 Bb4 4.e3 O-O 5.Nf3 c5 6.Bd3 Nc6 7.d5 Ne7 8.e4 Bxc3+
9.bxc3 d6 10.dxe6 fxe6 11.O-O e5 12.Nh4 Bg4 13.f3 Bh5 14.Nf5 Nxf5 15.exf5 Bf7
16.Rb1 Rb8 17.Bg5 b5 18.Rxb5 Rxb5 19.cxb5 c4 20.Bc2 Qb6+ 21.Kh1 d5 22.f4 e4
23.Qe1 Qxb5 24.Bxf6 gxf6 25.Qg3+ Kh8 26.Rb1 Qc6 27.Qe3 Qa6 28.Qd4 Re8 29.Re1
Rb8 30.h3 Qb6 31.Rb1 Qxb1+ 32.Bxb1 Rxb1+ 33.Kh2 Kg7 34.g4 Rb2+ 35.Kg3 Rxa2
36.g5 Ra6 37.h4 Rb6 38.Kg4 h5+ 39.Kg3 Bg8 40.Qc5 Rb7 41.Qc6 Rf7 42.Qxd5 e3
43.Qe6 a5 44.Qxc4 a4 45.Qxa4 Re7 46.Qd4 Kf8 47.Qd8+ Re8 48.Qd6+ Kg7 49.Qxf6+
Kh7 50.Qh6# 1-0

[Event "Ch Slovakia (team) 2009/10 (2 liga) (b)"]
[Site "masterchessopenings.com Slovakia"]
[Date "2009.11.07"]
[Round "3"]
[White "Zelovic Marek (SVK)"]
[Black "Magerciak Roman (SVK)"]
[Result "1/2-1/2"]
[WhiteElo "2040"]
[BlackElo "2005"]

1.d4 Nf6 2.c4 e6 3.Nc3 Bb4 4.e3 c5 5.Nf3 O-O 6.Bd3 Nc6 7.O-O d6 8.Qc2 e5
9.dxe5 Bxc3 10.exf6 Bxf6 11.Bxh7+ Kh8 12.Be4 Qe7 13.Bd2 Bxb2 14.Rab1 Bf6
15.Rfd1 Re8 16.Bd5 Bg4 17.Re1 Rab8 18.Bc3 Bxc3 19.Qxc3 Nb4 20.Qd2 Nxd5 21.Qxd5
Qe6 22.Red1 b6 23.Qc6 Qf6 24.Rd2 Bxf3 25.Qxf3 Qxf3 26.gxf3 Re6 27.Rbd1 Rg6+
28.Kf1 Rh6 29.Kg2 Kg8 30.a4 {#d} 1/2-1/2

[Event "Ch Spain (juniors) (under 14)"]
[Site "masterchessopenings.com Padrun (Spain)"]
[Date "2008.07.16"]
[Round "6"]
[White "Nieto De La Cruz Julio (ESP)"]
[Black "Navarro Molina David (ESP)"]
[Result "1-0"]
[WhiteElo "2015"]
[BlackElo "1809"]

1.d4 Nf6 2.c4 e6 3.Nc3 Bb4 4.e3 c5 5.Nf3 O-O 6.Bd3 b6 7.O-O Bxc3 8.bxc3 Bb7
9.Qe2 Ne4 10.a4 f5 11.Ra3 d6 12.Nd2 Qh4 13.f3 Nf6 14.d5 Bc8 15.e4 fxe4 16.Nxe4
Nxe4 17.Qxe4 Qxe4 18.Bxe4 e5 19.Bg5 Re8 20.a5 h6 21.axb6 hxg5 22.Rxa7 Bb7
23.Rxb7 Ra3 24.Rc1 Rd8 25.Bf5 Ra4 26.Be6+ Kh7 27.Rc7 Rxc4 28.Ra1 Rxc3 29.Raa7
Rf8 30.Rxg7+ Kh6 31.Rh7+ Kg6 32.Rag7+ Kf6 33.Rf7+ Rxf7 34.Rxf7+ Kg6 35.Rb7 Na6
36.Ra7 Rc1+ 37.Kf2 Rc2+ 38.Kg3 c4 39.Rxa6 c3 40.b7 Rb2 41.Bc8 c2 42.Rxd6+ Kg7
43.Rc6 {#r} 1-0

[Event "Ch Spain (open)"]
[Site "masterchessopenings.com Leon (Spain)"]
[Date "2006.11.24"]
[Round "3"]
[White "Baron Rodriguez Jesus (ESP)"]
[Black "Gonzalez Galvan Juan Manuel (ESP)"]
[Result "1/2-1/2"]
[WhiteElo "2424"]
[BlackElo "2283"]

1.d4 Nf6 2.c4 e6 3.Nc3 Bb4 4.e3 c5 5.Nf3 O-O 6.Bd3 d6 7.O-O Bxc3 8.bxc3 Nc6
9.e4 e5 10.d5 Ne7 11.Nh4 Ng6 12.Nf5 Nf4 13.Bc2 g6 14.Nh6+ Kg7 15.g3 N6h5
16.gxf4 Nxf4 17.Ng4 Qg5 18.f3 h5 19.Bxf4 exf4 20.h4 Qxh4 21.Nh2 Bh3 22.Kh1
Bxf1 23.Qxf1 Rae8 24.Rb1 Re5 25.Rxb7 Rg5 26.Ba4 Rg3 27.Bd7 Qf6 28.Rxa7 Rb8
29.Bb5 Qh4 30.Qe1 Kf6 31.e5+ dxe5 32.Ra6+ Kg7 33.Qxe5+ Kh7 34.Qf6 Rg5 35.Qxf7+
Kh8 36.Re6 Qg3 37.Re8+ Rxe8 38.Qxe8+ Kg7 39.Qe7+ Kg8 40.Qe8+ {#d} 1/2-1/2

[Event "Ch URS (team)"]
[Site "masterchessopenings.com Grozny (Russia)"]
[Round "0"]
[White "Buslaev Aleksander (GEO)"]
[Black "Osnos Viatcheslav (RUS)"]
[Result "0-1"]
[WhiteElo "2200"]
[BlackElo "2384"]

1.d4 Nf6 2.c4 e6 3.Nc3 Bb4 4.e3 O-O 5.Nf3 c5 6.Be2 Ne4 7.Qc2 f5 8.O-O Bxc3
9.bxc3 b6 10.Nd2 Nxd2 11.Qxd2 Nc6 12.Bf3 Bb7 13.dxc5 bxc5 14.Rd1 Rf7 15.Rb1
Qc8 16.Qb2 Ba6 17.Qa3 Rb8 18.Rxb8 Nxb8 19.Rd6 Kf8 20.e4 f4 21.h4 Ke7 22.e5 Rf5
23.Rd4 h6 24.Be4 Kf7 25.Bxf5 cxd4 26.Bd3 Bxc4 27.Bxc4 Qxc4 28.Qxa7 Qxc3 29.Ba3
Qe1+ 30.Kh2 Qxf2 31.Qb7 Qxh4+ 32.Kg1 Qe1+ 33.Kh2 Qg3+ 34.Kh1 Qxa3 35.Qxb8 Qxa2
36.Qd6 Qd5 {#R} 0-1

[Event "Ch URS (team)"]
[Site "masterchessopenings.com Moscow (Russia)"]
[Round "0"]
[White "Shestoperov Aleksej (RUS)"]
[Black "Osnos Viatcheslav (RUS)"]
[Result "0-1"]
[WhiteElo "2388"]
[BlackElo "2384"]

1.d4 Nf6 2.c4 e6 3.Nc3 Bb4 4.Nf3 c5 5.e3 O-O 6.Be2 b6 7.O-O Bxc3 8.bxc3 Bb7
9.Nd2 Nc6 10.Nb3 d6 11.f3 e5 12.e4 h6 13.Rb1 Qc7 14.Be3 Ne7 15.Bd3 Ng6 16.Qd2
Rfe8 17.d5 Bc8 18.Nc1 Nh5 19.Ne2 Qd8 20.g4 Nf6 21.Ng3 Nh7 22.Nf5 Kh8 23.Kh1
Qf6 24.Rg1 Nf4 25.Bc2 Ng5 26.Bxf4 exf4 27.Qxf4 Bxf5 28.gxf5 Nh3 29.Qd2 Nxg1
30.Rxg1 a6 31.Bd3 b5 32.cxb5 c4 33.Bxc4 Rec8 34.Qe2 Qxc3 35.Bb3 axb5 36.Re1 b4
37.Kg2 Qf6 38.Qd2 Rc3 39.Qf4 g5 40.e5 gxf4 41.exf6 Re3 42.Rc1 Rg8+ 43.Kf2 Rge8
44.Kg2 Rc3 45.Rf1 Ree3 46.Rf2 Red3 47.Rf1 h5 48.Rf2 Kh7 49.Bc2 Rd4 50.Kh3 Rxd5
51.Kh4 Rdc5 52.Bb3 Kh6 53.Rg2 Rxf5 54.Bxf7 Rxf6 55.Bxh5 Rc5 56.Bg4 Kh7 57.Bh5
Re5 58.Rg5 Kh6 59.Rxe5 dxe5 60.Be8 Rf8 61.Bc6 Rg8 62.Bd5 Rg1 63.Be4 Ra1 64.Bd5
Rd1 65.Bb3 Rd2 {#R} 0-1

[Event "Ch Ukraine (juniors) (under 16)"]
[Site "masterchessopenings.com Kiev (Ukraine)"]
[Round "0"]
[White "Sitnikov Anton (UKR)"]
[Black "Truskavetsky Alexandr (UKR)"]
[Result "1/2-1/2"]
[WhiteElo "2218"]
[BlackElo "2293"]

1.d4 Nf6 2.c4 e6 3.Nc3 Bb4 4.e3 c5 5.Nf3 O-O 6.Bd3 Bxc3+ 7.bxc3 d6 8.O-O Nc6
9.e4 e5 10.dxc5 dxc5 11.Qc2 Qe7 12.Bg5 h6 13.Bh4 g5 14.Bg3 Bg4 15.Nd2 Rfd8
16.f3 Be6 17.Rfd1 Nh5 18.Nf1 Nxg3 19.hxg3 f6 20.Ne3 Na5 21.a4 b6 22.Kf2 Qf7
23.Nd5 Bxd5 24.exd5 Kg7 {#d} 1/2-1/2

[Event "Ch World (juniors) (under 20)"]
[Site "masterchessopenings.com Nakhichevan (Azerbaijan)"]
[Round "2"]
[White "Kritz Leonid (GER)"]
[Black "Werle Jan (NED)"]
[Result "1-0"]
[WhiteElo "2543"]
[BlackElo "2457"]

{ } 1.d4 { 1 } 1...e6 2.c4 Nf6 3.Nc3 Bb4 4.Nf3 c5 5.e3 O-O 6.a3 Bxc3+ 7.bxc3 {
= } 7...Qa5 ( 7...d6 8.Bd3 Nc6 9.d5 Ne7 10.e4 e5 11.Nh4 h6 12.g3 Qa5 13.Bd2
Ng6 14.Ng2 Bg4 15.f3 Bd7 16.O-O Rae8 17.Rf2 Nh7 18.Ne3 Ng5 19.Kh1 Nh3 20.Rf1
Ne7 21.Nf5 Nxf5 22.exf5 Qd8 23.Qc2 Ng5 24.Rae1 Qf6 25.Bc1 Kh8 26.Rf2 Rg8 27.h4
{ ...1/2-1/2, Debarnot Roberto 2375 - Najdorf Miguel 2540 , Buenos Aires 1972
It } ) ( 7...b6 8.Bd3 Bb7 9.O-O d6 10.a4 Nbd7 11.Qc2 Rc8 12.Qb1 Qc7 13.e4 cxd4
14.cxd4 e5 15.Bg5 Rfe8 16.Re1 h6 17.Bxf6 Nxf6 18.a5 bxa5 19.c5 dxc5 20.d5 Rb8
21.Qa2 Bxd5 22.exd5 e4 23.d6 Qd7 24.Bxe4 Nxe4 25.Qxa5 Qxd6 26.Qxa7 Re7 27.Qa5
{ ...0-1, Jimenez Eleazar 2410 - Filip Miroslav 2510 , Habana 1967 Memorial
J.Capablanca (a) } ) 8.Qc2 { N } ( 8.Bb2 cxd4 9.exd4 d6 10.Nd2 Nc6 11.Bd3 Qc7
12.O-O b6 13.Qc2 h6 14.Ne4 Nxe4 15.Bxe4 Bb7 16.Rad1 Na5 17.Bxb7 Nxb7 18.c5
dxc5 19.d5 exd5 20.Rxd5 c4 21.Rh5 Rfe8 22.Bc1 Re6 23.Rh4 Rae8 24.Be3 Qc6
25.Rd1 Rg6 26.g3 a6 27.Rdd4 b5 { ...0-1, Stock Hugo 1666 - Limberg Siegfried
1970 , Gladenbach 1999 Ch World (seniors) } ) 8...cxd4 9.exd4 d5 { } ( 9...b6
{ } ) 10.Be2 { N } 10...dxc4 11.O-O Nbd7 12.Bxc4 b6 13.Re1 Ba6 14.Ba2 Rac8
15.Bd2 Bc4 16.Bb1 Qh5 17.Ne5 Nxe5 { ?! } ( 17...Bd5 { !? } 18.f3 Qh4 19.a4
Nxe5 { } ) 18.Rxe5 Qg6 19.Qd1 Bd3 20.Rg5 Bxb1 21.Rxg6 Bxg6 22.Qa4 Ne4 23.Be1
Nxc3 24.Bxc3 Rxc3 25.Qxa7 b5 26.h3 Be4 27.Qa5 Rb3 28.Rc1 h6 29.Rc3 Rb1+ 30.Kh2
Rb2 31.Kg3 f5 32.f3 f4+ 33.Kh2 Bd5 34.Qc7 Ra2 { ?! } ( 34...Rf7 { !? } 35.Qc8+
Rf8 36.Qc5 Bc4 { } ) 35.Rc2 Rxc2 { ?! } ( 35...Ra1 { !? } 36.Qc3 Rb1 37.Qd3
Rb3 { } ) 36.Qxc2 Ra8 37.Qc5 Kh7 38.Qd6 Ra4 39.Qc5 Rc4 { ?! } ( 39...Bc4 { !?
} 40.h4 Bd3 41.h5 Ra8 { } ) 40.Qxb5 Rxd4 41.a4 Rd1 42.Qb2 Re1 43.a5 Re3 44.Qb4
g5 45.a6 h5 46.a7 h4 47.Qd6 Kg6 48.Qxd5 exd5 49.a8=Q Re5 50.Qc6+ Kf7 51.Qd6
Re3 52.Qxd5+ Kf6 53.Kg1 Re1+ 54.Kf2 Re3 55.Qg8 Re5 56.Qh7 Ke6 57.Qg6+ Kd5
58.Qf6 Kd4 59.Qd6+ Rd5 60.Qb4+ Ke5 { } {#r} 1-0

[Event "Ch World (match) (cand.) (1/4)"]
[Site "masterchessopenings.com Moscow (Russia)"]
[Round "3"]
[White "Geller Efim P (RUS)"]
[Black "Smyslov Vassily (RUS)"]
[Result "1-0"]
[WhiteElo "2455"]
[BlackElo "2494"]

1.d4 Nf6 2.c4 e6 3.Nc3 Bb4 4.e3 c5 5.Nf3 O-O 6.Bd3 b6 7.d5 exd5 8.cxd5 Nxd5
9.Bxh7+ Kxh7 10.Qxd5 Bxc3+ 11.bxc3 Qf6 12.O-O Nc6 13.e4 Kg8 14.Qh5 Ba6 15.Re1
Bc4 16.Bg5 Qg6 17.Qh4 f6 18.Bf4 Rfe8 19.Nd2 Bf7 20.Re3 Qh7 21.Qg4 d5 22.Rh3
Qg6 23.Qh4 Be6 24.Rg3 Qf7 25.Bh6 g6 26.f4 f5 27.e5 d4 28.Nf3 dxc3 29.Rh3 Qh7
30.Ng5 Qe7 31.Re1 c2 32.Bf8 Kxf8 33.Qh8+ Bg8 34.Nh7+ Kf7 35.e6+ Qxe6 36.Ng5+
Ke7 37.Nxe6 Bxe6 38.Qg7+ Kd6 39.Rd3+ Nd4 40.Rc1 Bd5 41.Rxd4 cxd4 42.Rxc2 Rac8
43.Rd2 Rc1+ 44.Kf2 Re4 45.Qxg6+ Be6 46.Qg5 Kc5 47.h3 Kb5 48.Qg7 a5 49.Rxd4
Rc2+ 50.Kg1 Re1+ 51.Kh2 Ree2 52.h4 Rxa2 53.h5 Rxg2+ 54.Qxg2 Rxg2+ 55.Kxg2 a4
56.h6 Bg8 57.Rd8 Bh7 58.Rd7 Bg6 59.Ra7 Kb4 60.Rg7 {#r} 1-0

[Event "Ch World (seniors)"]
[Site "masterchessopenings.com Gladenbach (Germany)"]
[Round "2"]
[White "Stock Hugo (GER)"]
[Black "Limberg Siegfried (GER)"]
[Result "0-1"]
[WhiteElo "1636"]
[BlackElo "2120"]

1.d4 Nf6 2.c4 e6 3.Nc3 Bb4 4.Nf3 O-O 5.e3 c5 6.a3 Bxc3+ 7.bxc3 Qa5 8.Bb2 cxd4
9.exd4 d6 10.Nd2 Nc6 11.Bd3 Qc7 12.O-O b6 13.Qc2 h6 14.Ne4 Nxe4 15.Bxe4 Bb7
16.Rad1 Na5 17.Bxb7 Nxb7 18.c5 dxc5 19.d5 exd5 20.Rxd5 c4 21.Rh5 Rfe8 22.Bc1
Re6 23.Rh4 Rae8 24.Be3 Qc6 25.Rd1 Rg6 26.g3 a6 27.Rdd4 b5 28.Qd2 Nc5 29.Rd8
Nd3 30.Rhd4 Re6 31.R8d7 Ne5 32.Qd1 Nf3+ 33.Kf1 Nxh2+ 34.Ke2 Rxe3+ {#R} 0-1